书目信息 |
| 题名: |
哈尼娅
|
|
| 作者: | 显克维奇 著 ;林洪亮 译 | |
| 分册: | ||
| 出版信息: | 北京 人民文学出版社 2006.01 |
|
| 页数: | 316页, [1] 页图版 | |
| 开本: | 21cm | |
| 丛书名: | 20世纪外国名家精品 | |
| 单 册: | ||
| 中图分类: | I513.44 | |
| 科图分类: | ||
| 主题词: | 短篇小说--Duan Pian Xiao Shuo--波兰--现代--作品集 | |
| 电子资源: | ||
| ISBN: | 7-02-005387-4 | |
| 000 | 01098nam 2200265 450 | |
| 001 | CAL 012006023938 | |
| 005 | 20061129154556.01 | |
| 010 | @a7-02-005387-4@dCNY 18.00 | |
| 099 | @aCAL 012006023938 | |
| 100 | @a19980227d2006 ekmy0chiy0121 ea | |
| 101 | 1 | @achi@cpol |
| 102 | @aCN@b110000 | |
| 200 | 1 | @a哈尼娅@AHa Ni Ya@f(波) 显克维奇著@g林洪亮译 |
| 210 | @a北京@c人民文学出版社@d2006.01 | |
| 215 | @a316页, [1] 页图版@c图, 肖像@d21cm | |
| 225 | 2 | @a20世纪外国名家精品@A20 Shi Ji Wai Guo Ming Jia Jing Pin@e插图本 |
| 330 | @a波兰著名诺贝尔奖获奖作家显克维奇是鲁迅最早介绍到中国来的波兰作家,素有“波兰语言大师”之称。《哈尼娅》是显克维奇的短篇小说选集,其中收集了中国读者熟悉和称道的七个短篇佳作,《灯塔看守》、《音乐迷杨科》、《奥尔索》等名篇令人百读不厌。 | |
| 410 | 0 | @12001 @a20世纪外国名家精品 |
| 606 | 0 | @a短篇小说@ADuan Pian Xiao Shuo@y波兰@z现代@j作品集 |
| 690 | @aI513.44@v4 | |
| 701 | 1 | @a显克维奇@Axian ke wei qi@g(Sienkiewicz, Henryk),@f1846-1916@4著 |
| 702 | 0 | @a林洪亮@ALin Hong Liang@4译 |
| 801 | 0 | @aCN@c20061129 |
| 905 | @dI513.44@eX248 | |
| 906 | @dCNY 18.00@n3@r1 | |
| 哈尼娅/(波) 显克维奇著/林洪亮译.-北京:人民文学出版社,2006.01 |
| 316页, [1] 页图版:图, 肖像;21cm.-(20世纪外国名家精品:插图本) |
| ISBN 7-02-005387-4:CNY 18.00 |
| 波兰著名诺贝尔奖获奖作家显克维奇是鲁迅最早介绍到中国来的波兰作家,素有“波兰语言大师”之称。《哈尼娅》是显克维奇的短篇小说选集,其中收集了中国读者熟悉和称道的七个短篇佳作,《灯塔看守》、《音乐迷杨科》、《奥尔索》等名篇令人百读不厌。 |
| ● |
| 相关链接 |
|
|
|
正题名:哈尼娅
索取号:I513.44/X248
 
预约/预借
| 序号 | 登录号 | 条形码 | 馆藏地/架位号 | 状态 | 备注 |
| 1 | 221595 | 202215959 | 社科二线400B/400B社科库 31排1列2层/ [索取号:I513.44/X248] | 在馆 | |
| 2 | 221596 | 202215968 | 社科二线400B/400B社科库 31排1列2层/ [索取号:I513.44/X248] | 在馆 | |
| 3 | 221597 | 202215977 | 社科二线400B/400B社科库 31排2列2层/ [索取号:I513.44/X248] | 在馆 | |
| 4 | 605279 | 206052796 | 文学库116/116文学库 17排3列4层/ [索取号:I513.44/X248] | 在馆 | |
| 5 | 605280 | 206052803 | 文学库116/116文学库 17排3列4层/ [索取号:I513.44/X248] | 在馆 | |
| 6 | 605281 | 206052812 | 文学库116/116文学库 17排3列4层/ [索取号:I513.44/X248] | 在馆 |